|
|
|
|
| LEADER |
00000cam a2200000 7i4500 |
| 001 |
0000000322 |
| 002 |
000000397 |
| 005 |
20000330.0 |
| 020 |
|
|
|a 9676103489
|
| 090 |
0 |
0 |
|a F
|b ZAI
|
| 100 |
0 |
|
|a Zailiani Taslim
|
| 245 |
1 |
0 |
|a Semesra kotaku
|c Zailiani Taslim
|
| 260 |
|
|
|a Kuala Lumpur :
|b Utusan ,
|c 1993
|
| 300 |
|
|
|a 202 p. ;
|c 18 cm.
|
| 490 |
0 |
|
|a Siri Hadiah Sastera Utusan Melayu Public Bank 1992
|
| 650 |
0 |
0 |
|a General fiction, Malay
|
| 999 |
|
|
|a 029446
|b BUKU
|c PINJAMAN
|e PERPUSTAKAAN KOMUNITI PETALING JAYA
|
| 999 |
|
|
|a 029447
|b BUKU
|c PINJAMAN
|e PERPUSTAKAAN KOMUNITI PETALING JAYA
|
| 999 |
|
|
|a 035948
|b BUKU
|c PINJAMAN
|e PERPUSTAKAAN KOMUNITI PETALING JAYA
|
| 999 |
|
|
|a 035949
|b BUKU
|c PINJAMAN
|e PERPUSTAKAAN KOMUNITI PETALING JAYA
|